[Event "EU-chT (Men) 15th"]
[Site "Gothenburg"]
[Date "2005.08.05"]
[Round "7.4"]
[White "Halkias, Stelios"]
[Black "Lupulescu, Constantin"]
[Result "1/2-1/2"]
[WhiteElo "2548"]
[BlackElo "2542"]
[Annotator "Postny,E"]
[PlyCount "45"]
[EventDate "2005.07.30"]
[EventType "team-swiss"]
[EventRounds "9"]
[EventCountry "SWE"]
[SourceTitle "CBM 109"]
[Source "ChessBase"]
[SourceDate "2005.11.14"]
[SourceVersion "1"]
[SourceVersionDate "2005.11.14"]
[SourceQuality "1"]
[WhiteTeam "Greece"]
[BlackTeam "Romania"]
[WhiteTeamCountry "GRE"]
[BlackTeamCountry "ROU"]

1. d4 Nf6 2. Bg5 Ne4 3. Bh4 (3. Bf4 {is a more popular continuation.}) 3... c5
{This leads to an extremely sharp line, which can be rarely seen on high level
nowadays...} (3... d5 4. f3 Nd6 {is a solid alternative.}) 4. f3 g5 5. fxe4
gxh4 6. e3 {The arisen position is double-edged. On the one hand, White has
better control of the centre and most likely his pieces will come into the
battle faster than the black ones. On the other hand, after White's
dark-squared bishop has gone, the dark squares in his camp are vulnerable and
this becomes a source for black's counterplay.} (6. Nc3 cxd4 7. Qxd4 Rg8 8. e5
Nc6 9. Qe4 Qa5 10. Qxh7 Rg4 11. O-O-O Qxe5 12. Nf3 Qe3+ 13. Kb1 e6 14. Qh5 Rb4
15. Rd3 Qh6 16. Qxh6 Bxh6 17. e4 $13 {1/2-1/2 Mamedyarov,S-Van Wely,L/Moscow
2004 (53)}) 6... Qb6 (6... Bh6 7. Kf2 $5 {appeared many times in practice as
well.}) 7. Nc3 $1 {White does not care about his Pb2 and correctly develops
his pieces as fast as possible.} (7. b3 $6 {is not really in the spirit of the
variation.}) 7... e6 {Covering d5 square.} (7... Qxb2 $6 8. Nd5 Kd8 9. Rb1 Qa3
10. Qh5 cxd4 11. exd4 Nc6 12. Nf3 e6 13. Qxh4+ Ne7 14. Bd3 exd5 15. O-O dxe4
16. Ne5 Kc7 17. Nxf7 exd3 18. Rb3 Qa6 19. Nxh8 {1-0 Hodgson,J-Thipsay,P/
Southampton 1986}) 8. Nf3 (8. Rb1 {is possible, but does not suit White's play.
If black will manage to complete his development safely, his position will be
better thanks to a strong dark-squared bishop.}) 8... Qxb2 (8... Nc6 $6 9. d5
Qxb2 10. Nb5 Nb4 11. Rb1 Qxa2 12. Rxb4 Qa5 13. d6 Qxb4+ 14. Kf2 Bg7 15. Nc7+
Kf8 16. Nxa8 Qxe4 17. Nc7 $16 {1-0 Maljutin,E-Aleksandrov,A/Wisla 1992 (61)})
9. Nb5 Qb4+ 10. Kf2 (10. c3 Qa5 11. Ne5 d6 $2 (11... a6 12. Nc4 Qxb5 13. Nd6+
Bxd6 14. Bxb5 axb5 $15) 12. Nc4 Qd8 13. e5 d5 14. Ncd6+ Bxd6 15. Nxd6+ Kd7 16.
Nxf7 $18 {1-0 Tugui,A-Brajovic,R/Bucharest 2000 (27)}) 10... Qa5 (10... cxd4
11. Qxd4 Qxd4 12. exd4 Na6 13. e5 b6 14. Nxh4 Bb7 15. Nf3 Be7 16. Bd3 O-O 17.
c3 f6 $11 {Aleksandrov,A-Bologan,V/Oakham 1992}) 11. Ne5 a6 (11... Bh6 $2 12.
Nd6+ Ke7 13. Ndc4 Qd8 14. Qh5 $40 {1/2-1/2 Felegyhazi,L-Tengely,S/Nyirsegi
Torna 1998 (32)}) 12. Qh5 (12. Nc4 $6 Qxb5 13. Nd6+ Bxd6 14. Bxb5 axb5 {
and Black's light pieces should overcome White's queen.}) 12... Be7 $8 13. Nd6+
$1 $146 {This novelty is actually the only reasonable continuation for White.}
(13. Nc4 $6 Qxb5 14. Nd6+ Bxd6 15. Bxb5 axb5 16. Rhf1 Nc6 17. Kg1 Rf8 18. e5
Be7 19. c3 Ra3 $17 {0-1 Agababean,N-Saljova,S/Yerevan 1996 (38)}) (13. Qxf7+ $2
Kd8 {[%csl Rb5][%cal Gh8f8,Gf8f2]}) 13... Bxd6 14. Qxf7+ Kd8 15. Nc4 (15. Qf6+
Kc7 16. Qxh8 cxd4 17. Nf3 (17. exd4 $2 Qd2+ {[%csl Rd4,Rf2]}) 17... dxe3+ 18.
Kxe3 Nc6 19. Bd3 Ne5 {with good compensation for the exchange, since White's
king is wandering around in the centre and the dark squares are under Black's
control.}) 15... Qc3 16. Nxd6 {This leads to a more or less forced draw.} ({
A possible way to continue the fight was} 16. Qf6+ $5 Kc7 17. Qxh8 Nc6 18. Bd3
(18. Nxd6 Qxa1 19. Ne8+ Kb8 20. Qf8 cxd4 21. Qd6+ Ka7 22. exd4 Qc1 {and Black
is not worse.}) 18... cxd4 19. Ke2 {with an irrational position, which is very
hard to evaluate.}) 16... cxd4 $1 17. Qf6+ Kc7 {[%cal Gd4e3,Gc3f6,Gc3a1]} 18.
exd4 $8 Kxd6 19. Qe5+ {Now it's a perpetual check.} Ke7 (19... Kc6 $4 20. d5+ {
[%csl Rc3] winning the queen.}) 20. Qg7+ Kd6 21. Qe5+ Ke7 22. Qg7+ Kd6 23. Qe5+
1/2-1/2

[Event "Igualada"]
[Site "Igualada"]
[Date "2005.08.18"]
[Round "2"]
[White "McShane, Luke J"]
[Black "Volokitin, Andrei"]
[Result "1/2-1/2"]
[WhiteElo "2625"]
[BlackElo "2671"]
[Annotator "Postny,E"]
[PlyCount "86"]
[EventDate "2005.08.17"]
[EventType "tourn"]
[EventRounds "6"]
[EventCountry "ESP"]
[EventCategory "16"]
[SourceTitle "CBM 109"]
[Source "ChessBase"]
[SourceDate "2005.11.14"]
[SourceVersion "1"]
[SourceVersionDate "2005.11.14"]
[SourceQuality "1"]

1. d4 Nf6 2. Bg5 Ne4 3. Bf4 c5 4. f3 Qa5+ {This check forces White to play
c2-c3, which block this natural developing square for White's queenside knight.
} 5. c3 Nf6 6. Nd2 ({Another theoretical line is} 6. d5 {--> 1/2-1/2 Moiseenko,
A-Volokitin,A/Kharkov 2004/CBM 103 [Postny,E] (34)}) 6... cxd4 7. Nb3 Qb6 (7...
Qf5 8. Bxb8 Rxb8 9. Qxd4 b6 10. e4 Qf4 11. Nh3 Qc7 12. e5 Ng8 13. O-O-O $36 {
1/2-1/2 Nguyen,N-Ilincic,Z/Budapest 2004/CBM 102 ext (54)}) (7... Qd8 8. Bxb8 (
8. cxd4 d5 9. e3 e6 10. Bd3 Nc6 11. Ne2 Nh5 12. O-O Nxf4 13. Nxf4 Bd6 $11 {
0-1 Nguyen Ngoc Truong,S-Belezky,S/Budapest 2004/CBM 98 ext (33)}) 8... Rxb8 9.
Qxd4 a6 10. Qa7 Qc7 11. e4 e6 12. Bxa6 Bd6 13. Bb5 Bxh2 14. Ne2 b6 15. Qxc7
Bxc7 $15 {0-1 Miladinovic,I-Georgiev,K/Skopje 2002/CBM 88 (34)}) 8. Qxd4 (8.
cxd4 {- 0-1 Hodgson,J-Gelfand,B/Groningen 1996/CBM 57 [Gelfand] (89)}) 8... Nc6
(8... Qxd4 9. cxd4 d5 10. e3 e6 11. g4 Nc6 12. Bb5 Bd7 13. a3 $14 {1-0 Salov,
V-Akopian,V/Wijk aan Zee 1993/CBM 34 (43)}) 9. Qxb6 axb6 10. Nd4 (10. e4 d5 $11
) (10. Be3 b5 11. Nd4 Nxd4 12. Bxd4 e6 13. e4 b4 14. Bb5 bxc3 15. Bxc3 Be7 16.
Ne2 O-O 17. Nf4 d6 18. a3 Rd8 19. O-O-O $14 {1-0 Miladinovic,I-Grigore,G/
Istanbul 2002/CBM 91 ext (44)}) 10... e5 ({A bit awkward, but also playable is
} 10... Ra5 $5 {The rook might be quite useful on the 5th rank.}) 11. Nxc6 exf4
12. Nd4 {Black's pawn structure is severely damaged, but he can count on his
counterplay using the absence of White's dark-squared bishop.} Bc5 (12... Bd6 {
appeared in the game Aleksandrov,A-Kotronias,V/Istanbul 2003/CBM 96 [Finkel] 
(1-0,39)}) (12... d5 {- see the annotated game McShane,L-Cvitan,O/Mallorca
2004/CBM 104 [Postny,E]}) (12... Nd5 13. e4 fxe3 14. Bc4 Nc7 15. Nge2 Bc5 16.
b4 Bxd4 17. Nxd4 d5 18. Bb3 O-O 19. Ke2 Re8 20. Rhd1 Bd7 21. Rd3 Ne6 22. Nxe6
fxe6 23. Kxe3 Ba4 24. Re1 {1/2-1/2 Marzolo,C-Mamedov,R/Warsaw 2005}) 13. Nh3 (
13. g3 Bxd4 (13... Nd5 14. gxf4 Ne3 15. Kd2 Nxf1+ 16. Rxf1 Rxa2 17. Kc2 Bxd4
18. cxd4 d6 19. e3 Ke7 20. Ne2 Bh3 21. Rfg1 Rc8+ 22. Nc3 Kf8 23. e4 $16 {
1-0 Berkes,F-Flumbort,A/Paks 1998 (41)}) 14. cxd4 Ra4 15. gxf4 Nd5 16. f5 Rxd4
17. e4 Ne3 18. Ne2 Nc2+ 19. Kf2 Rd2 20. Rc1 d5 21. Bg2 dxe4 22. fxe4 Ke7 $132 {
1/2-1/2 Golubovic,B-Brenjo,S/Neum 2005 (46)}) 13... Nd5 14. e4 fxe3 15. Bc4 Nb4
$5 $146 {[%mdl 8] A very interesting novelty, which seems to solve Black's
problems (if they exist).} (15... Nf6 16. O-O-O d5 17. Bb5+ Kf8 18. a3 Bxh3 19.
gxh3 Rd8 20. Rd3 Rd6 21. Rxe3 Bxd4 22. cxd4 Re6 $11 {0-1 Schneider,I-Polzin,R/
Baden Baden 2005 (36)}) (15... Nc7 16. Nf4 O-O 17. O-O-O d5 (17... b5 {-
Hodgson,J-Sutovsky,E/York 1999/CBM 75 [Alterman,B]}) 18. Nxd5 Nxd5 19. Bxd5 Rd8
20. Ne2 Bf5 21. Rhe1 Rxd5 22. Rxd5 Rxa2 23. Kd1 Rxb2 24. Rxf5 Ba3 25. Rg1 $1
$18 {1-0 Bruzon,L-Flores,D/Santa Clara 2004 (30)}) 16. O-O-O Bxd4 17. Rxd4 d5
$1 {The point.} 18. cxb4 (18. Bxd5 Nxd5 19. Rxd5 Bxh3 20. gxh3 O-O $11) (18.
Bb5+ Nc6 19. Rxd5 O-O 20. Re1 Bxh3 21. gxh3 Rfe8 22. a3 Re6 $13) 18... dxc4 19.
Re4+ Kf8 ({Worse is} 19... Be6 $6 20. a3 $14) 20. Re1 (20. a3 Bxh3 21. gxh3 Re8
22. Rxe8+ Kxe8 23. Re1 $11) 20... Bxh3 21. gxh3 Rxa2 22. Kb1 Ra8 23. R1xe3 $11
g6 {Black has no chance to hold his extra pawn anyway, so Volokitin correctly
completes the development of his kingside rook.} (23... Rc8 24. Rc3 $11 (24.
Re7 h5 25. Rxb7 Rh6 $11)) 24. Rxc4 Kg7 25. Re7 Rhe8 26. Rxb7 Re1+ 27. Kc2 (27.
Rc1 Ra1+ 28. Kxa1 Rxc1+ 29. Ka2 Rc2 30. Rxb6 Rxh2 31. b5 Rxh3 32. Rc6 Rxf3 33.
b6 Rf5 34. Rc3 Rb5 35. Rb3 Ra5+ 36. Ra3 Rb5 37. Rb3 $11) 27... Re2+ 28. Kb3
Re3+ $1 (28... Rxh2 $6 29. Rf4 Rf8 30. h4 $16) 29. Rc3 Re2 {Now, white is not
able to play Rf4 and attack Pf7.} 30. h4 (30. Rxb6 Rd8 $132 {[%cal Gd8d2]})
30... Rd8 31. h5 Rxh2 32. hxg6 hxg6 33. Rxb6 Rdd2 34. Ka4 Rxb2 35. Rbc6 {
White's passed pawn should not create an illusion of white's advantage. Black
can easily prevent it's advance, so the position is drawish.} Rb1 36. R3c4 g5
37. R4c5 f6 38. Rf5 Ra2+ 39. Kb5 Rab2 40. Rfxf6 Rxb4+ 41. Kc5 Rf4 42. Rxf4 gxf4
43. Kd5 Rb5+ 1/2-1/2

[Event "Olympiad-36"]
[Site "Mallorca"]
[Date "2004.10.19"]
[Round "6"]
[White "Kurajica, Bojan"]
[Black "Jobava, Baadur"]
[Result "0-1"]
[WhiteElo "2541"]
[BlackElo "2614"]
[Annotator "Postny,E"]
[PlyCount "136"]
[EventDate "2004.10.15"]
[EventType "team-swiss"]
[EventRounds "14"]
[EventCountry "ESP"]
[SourceTitle "CBM 104"]
[Source "ChessBase"]
[SourceDate "2005.01.27"]
[SourceVersion "1"]
[SourceVersionDate "2005.01.27"]
[SourceQuality "1"]
[WhiteTeam "Bosnia&Herzegovina"]
[BlackTeam "Georgia"]
[WhiteTeamCountry "BIH"]
[BlackTeamCountry "GEO"]

1. d4 Nf6 2. Bg5 Ne4 3. Bf4 c5 4. dxc5 ({More popular continuations are:} 4. f3
) ({and} 4. d5) 4... Nc6 {Black does not bother himself with recapturing the
pawn, but plays for a quick development.} (4... Qa5+ 5. Nd2 e5 6. Bg3 (6. Bxe5
Nxf2 $1 7. Kxf2 Qxc5+ $15) 6... Bxc5 7. e3 Nxd2 8. Qxd2 Qxd2+ 9. Kxd2 d6 10.
Bc4 Ke7 11. Ne2 Be6 $11 {1/2-1/2 Teske,H-Ftacnik,L/Germany 1996/GER-chT (42)})
(4... Nxc5 5. Nc3 Nc6 6. Nf3 g6 7. Qd2 Ne6 8. Bh6 Bxh6 9. Qxh6 Qc7 10. e3 Ne5
11. Be2 Ng4 12. Qh4 Nf6 13. O-O-O a6 14. g4 $14 {1/2-1/2 Claverie,C-Cornette,M/
Evry 2002/CBM 88 ext (33)}) 5. Qd5 $6 {A principled, but risky continuation.} (
5. Nf3 Qa5+ 6. Nbd2 e5 7. Be3 Bxc5 8. Bxc5 Nxd2 9. Qxd2 Qxc5 10. e4 O-O 11. Rd1
d6 12. c3 Be6 13. Ng5 Rad8 14. b4 Qb6 15. Nxe6 fxe6 16. Bc4 Rf6 17. O-O $14 {
1-0 Lorenz,G-Polzin,R/Germany 1998/GER-chT (50)}) 5... f5 $1 {This effective
idea was introduced by Boleslavsky 60 years ago!} 6. e3 (6. Qxf5 d5 7. Qh5+ g6
8. Qh4 Nd4 9. Be5 (9. Na3 Nf5 $1 $19) 9... Nxc2+ 10. Kd1 Nxa1 11. Bxh8 Qa5 12.
Nc3 Nxc3+ 13. Bxc3 Qxa2 $17 {0-1 Tolush,A-Boleslavsky,I/Moscow 1945/URS-ch/
[Chekhov] (26)}) 6... e6 7. Qd1 Bxc5 8. Nd2 O-O 9. Ngf3 d5 {Black has very
nice game already.} 10. Nb3 $2 $146 {After this move white is already in
serious troubles. It was much better to keep the knight on d2, keeping the
option to exchange on e4 at appropriate moment.} (10. Be2 Qe7 (10... g5 $2 11.
Nxe4 fxe4 12. Nxg5 e5 13. Bg3 $16 {[%csl Rd5]}) 11. Ne5 Bd6 12. Nxc6 bxc6 13.
Bxd6 Nxd6 14. O-O {1/2-1/2 Kogan,A-Miladinovic,I/Salou 2000/CBM 80 (14)}) 10...
Bb6 11. Bb5 g5 $1 12. Bg3 Ne7 $1 {The threat 13...Ng6 followed by 14...f4 can
not be parried in a satisfactory way.} 13. Bd3 (13. Be5 f4 14. Bd4 fxe3 15.
fxe3 g4 $40) 13... Ng6 14. Qe2 ({Does not help:} 14. Bxe4 dxe4 15. Ne5 (15.
Qxd8 Bxd8 $19 {[%csl Rg3][%cal Gf5f4]}) 15... f4 16. Nxg6 hxg6 17. exf4 gxf4
18. Qg4 g5 $1 19. Bh4 Rf5 {and white's bishop is trapped anyway.}) 14... f4 $19
{White just did not manage to survive the opening...} 15. exf4 gxf4 16. O-O-O
Qe7 17. Bxe4 dxe4 18. Qxe4 fxg3 19. fxg3 e5 {Black has an extra piece for only
two pawns, so his position is winning. White can only hope for some practical
chances in the middlegame.} 20. Rhe1 Bf5 21. Qd5+ Kg7 22. Rd2 Rfd8 23. Qb5 Rac8
24. c3 Rd6 $6 ({Stronger would have been} 24... Qf6 $19 {[%cal Ga7a6,Ge5e4]})
25. Qb4 (25. Nh4 Nxh4 26. Rxe5 Qf6 27. gxh4 a6 28. Rxd6 Qxd6 29. Qe2 Rf8 $19)
25... Rcd8 (25... Rxd2 26. Qxe7+ Nxe7 27. Nbxd2 {white has some chances in the
endgame.}) 26. Rxd6 Rxd6 27. Nbd2 a5 28. Qa4 Rd3 $6 {Jobava is trying to
finish the game with direct attack, but gives to his opponent some chances as
well.} ({More accurate was} 28... Re6 {[%cal Ge5e4]} 29. Ne4 Rc6) 29. g4 Be6 $6
({Nice idea was pointed by Fritz:} 29... Bd7 30. Qe4 Re3 $1 31. Rxe3 Bc6 32.
Qd3 Nf4 33. Qf5 Bxe3 $19) 30. Qb5 Rd6 31. Nc4 $6 ({I don't understand, why
white did not capture the exchange:} 31. Ne4 Bxg4 (31... Rc6 $2 32. Nxe5) 32.
Nxd6 Qxd6 {Black is still on top, but at least white has improved his material
balance.}) 31... Bxc4 32. Qxc4 Qd7 33. Qe4 Qb5 $2 {Black is playing second
part of the game with clear negligence. There was no reason at all to give a
pawn on b7.} (33... Qc6 34. Qxc6 bxc6 35. Nxe5 Re6 36. Nd3 Rxe1+ 37. Nxe1 Ne5
38. h3 Kf6 $19 {[%cal Gf6g5,Gg5f4]}) 34. Qxb7+ Rd7 35. Qe4 {White has already
three pawns for the piece, so black must be careful not to spoil his advantage
completely.} Bf2 $6 {Another hasty move.} (35... Qd5 $142) 36. Re2 Bc5 (36...
Nf4 37. Rd2 Rxd2 38. Nxd2 Nd3+ 39. Kc2 {and white survives.}) 37. h4 (37. Nxe5
$2 Re7 $19) 37... Bd6 38. g3 a4 39. h5 Nf8 40. Rd2 $2 {Allowing black to
penetrate with the queen.} ({After} 40. Nh4 Kh8 41. Nf5 Bc7 42. g5 {the result
of this game is already hard to predict.}) 40... a3 $1 41. b3 Qf1+ 42. Rd1 (42.
Kc2 $2 Qa1 $19) 42... Qf2 43. Rd2 Qxg3 {Now black is on top again.} 44. Kc2 Rf7
45. Ng5 Rc7 46. h6+ (46. Rxd6 Qxc3+ 47. Kd1 Qc1+ 48. Ke2 Rc2+ $19) 46... Kh8
47. Rd3 Qh2+ 48. Rd2 Qxh6 49. Qf5 Kg8 50. Ne4 Be7 51. Qxe5 Qc6 $19 52. Rf2 Ng6
53. Qf5 Bh4 $1 54. Rf1 Re7 55. Nd2 Kg7 {Black parried all white's threats.} 56.
Rf3 h6 $1 {[%csl Gg5][%cal Gh4g5]} 57. b4 Bg5 58. b5 Qa8 59. Rd3 Bxd2 ({
More convincing was} 59... Qa4+ 60. Nb3 Re2+ 61. Kd1 Rxa2 62. Qd7+ Ne7 $19) 60.
Rd6 $1 Bg5 $2 (60... Ne5 $3 61. Qf6+ Kg8 62. Qxe7 Qe4+ 63. Kxd2 (63. Kb3 Qc4+
64. Kc2 Qxc3+ 65. Kd1 Qc1+ 66. Ke2 Qe1#) 63... Nf3+ $19 {[%csl Rd2,Re7]}) 61.
Rxg6+ Kh8 62. Kb3 (62. Rxh6+ $1 Bxh6 63. Qf6+ Kg8 (63... Rg7 64. Qxh6+ Kg8 65.
Qe6+ {and white gives a perpetual.}) 64. Qxe7 Qa4+ 65. Kd3 Qxb5+ 66. Kd4 Bg7+
67. Ke3 {and i don't see clear win for black.}) 62... Re2 63. Ra6 Qg8+ 64. Kb4
$2 (64. c4 Re3+ 65. Kb4 {could be much tougher task for black.}) 64... Be7+ {
Finally, white's king trapped for a deadly attack.} 65. Ka5 Bd8+ 66. b6 Qe8 67.
Kb4 Rb2+ 68. Kxa3 Rb5 0-1

[Event "USA-ch"]
[Site "San Diego"]
[Date "2004.11.25"]
[Round "2"]
[White "Lakdawala, Cyrus"]
[Black "Nakamura, Hikaru"]
[Result "0-1"]
[WhiteElo "2422"]
[BlackElo "2620"]
[Annotator "Postny,E"]
[PlyCount "84"]
[EventDate "2004.11.24"]
[EventType "swiss"]
[EventRounds "9"]
[EventCountry "USA"]
[SourceTitle "CBM 105"]
[Source "ChessBase"]
[SourceDate "2005.04.11"]
[SourceVersion "1"]
[SourceVersionDate "2005.04.11"]
[SourceQuality "1"]

1. d4 Nf6 2. Bg5 c5 3. Bxf6 {Damaging the opponent's pawn structure. On the
other hand, black usually gets a counterplay thanks to his dark squared bishop.
} gxf6 4. d5 Qb6 5. Qc1 Bg7 (5... f5 6. c4 (6. g3 Bg7 7. c3 Na6 8. Bg2 Nc7 9.
Nh3 O-O 10. Qc2 Qh6 11. Nf4 e5 12. dxe6 fxe6 13. Nd2 d5 14. Rd1 b5 15. O-O c4
$15 {0-1 Cebalo,M-Zelcic,R/Rabac 2004/CBM 102 ext (49)}) 6... Bg7 7. Nc3 d6 8.
e3 Nd7 9. Qc2 Qa5 10. Nf3 {1-0 McShane,L-Sutovsky,E/Rethymnon 2003/CBM 98 
[Postny,E] (36)}) (5... Na6 6. c4 f5 7. Nc3 Bg7 8. Nf3 O-O 9. e3 e5 10. Be2 Qh6
11. Qd2 d6 12. O-O-O Nc7 $132 {0-1 Comas Fabrego,L-Khenkin,I/Andorra 2004/CBM
101 ext (68)}) 6. g3 (6. c4 f5 7. Nc3 e6 8. e3 Na6 9. Bd3 d6 10. a3 Bd7 11.
Nge2 O-O-O 12. Qd2 Kb8 13. O-O Rdg8 14. Rab1 Bf6 15. e4 fxe4 16. Bxe4 Rg4 17.
Qd3 Be7 18. f4 Nc7 {1/2-1/2 Wells,P-Nakamura,H/Port Erin 2004/CBM 102 ext (18)}
) ({Another possible way of development starts with} 6. e3) 6... d6 7. Bg2 f5
8. c3 {In this setup white is trying to keep the position as closed as
possible, hoping to make use of black's damaged pawn structure in the long run.
} Nd7 9. Nd2 (9. Nh3 h5 10. Nd2 h4 11. Nf3 hxg3 12. hxg3 Nf6 13. Nh4 Bd7 14.
Qc2 Ne4 15. Nf4 O-O-O 16. Bxe4 fxe4 17. O-O-O Qa6 18. Kb1 Qa4 19. Qd2 Bf6 $11 {
1/2-1/2 Georgiev,K-Marinkovic,I/Cacak 1996/CBM 57 (35)}) 9... Nf6 10. Nh3 h5 $1
{Strategically correct. Black is intending to exchange his "h" pawn which
could become a potential weakness.} (10... O-O $6 11. O-O e6 12. Nf4 Bh6 13. e3
Bd7 14. Rd1 e5 15. Ne2 Rae8 16. Qc2 Qd8 17. Nc4 Qe7 18. a4 $14 {1-0 Adams,
M-Lautier,J/Paris 1995/CBM 49 ext (38)}) 11. Qc2 Bd7 {The black king will be
safe on the queenside.} (11... Qa6 12. Nf1 h4 13. Ne3 e6 14. dxe6 fxe6 15. g4
$1 $36 {1-0 Sargissian,G-Froehlich,P/Linares 2001/CBM 81 (30)}) 12. a4 $6 {
After this move white will be practically no longer able to make long castling,
while his attacking chances on the queenside are quite murky.} ({More to the
point is} 12. Nf4 h4 13. O-O-O {with approximate equality.}) 12... h4 13. Nf4
hxg3 14. hxg3 Rxh1+ 15. Bxh1 O-O-O {Black can be satisfied with the results of
the opening.} 16. Nc4 Qa6 17. Qd3 (17. Ne3 {[%csl Rf5]} Rh8 18. Bg2 e6 $15)
17... Rh8 18. Bg2 Kc7 19. Ra3 {Not a mistake yet, but a prelude...} (19. Ne3
Qxd3 20. Nxd3 $15) 19... Ng4 ({Another attractive continuation for black was:} 
19... e5 20. dxe6 (20. b4 $2 e4 21. b5 Bxb5 22. axb5 Qxa3 $19) 20... fxe6 21.
b4 (21. Bxb7 $2 Kxb7 $1 22. Nxd6+ Qxd6 $1 23. Qxd6 Rh1+ 24. Kd2 Ne4+ $19) 21...
d5 22. Ne5 (22. b5 dxc4 23. Qxd7+ Kxd7 24. bxa6 b6 $17) 22... c4 $15) 20. b4 $2
{This idea meets tactical refutation.} (20. Nd2 Qxd3 21. Nxd3 $15) 20... cxb4
21. cxb4 Bxa4 $1 {Looks extremely risky, but black is fine in all variations!}
22. Nxd6 {White was probably relying on this strike, but black's next move
frustrates his plans completely.} (22. f3 Nf6 23. Qd2 Nh5) {[%tqu "En","Please
enter a move for Black.","","","a6b6","",10]} 22... Qb6 $1 $19 {[%csl Rb4,Rf2]}
23. Qc4+ (23. Rxa4 Qxf2+ 24. Kd2 Kxd6 {[%csl Rc3][%cal Gh8c8] and black's king
feels very comfortable in the centre, while the white one is defenceless
against the attack on the dark squares.}) 23... Kxd6 24. Qc5+ {White is forced
to exchange queens.} Qxc5 25. bxc5+ Kxc5 26. Rxa4 Bc3+ 27. Kd1 a5 28. Nd3+ Kd6
29. Rc4 Bg7 30. Bf3 Ne5 {The exchange of knights will make black's winning
process easier.} 31. Nxe5 Bxe5 32. Kc2 {White is going to block black's
queenside pawns, but will lose his kingside pawns...} Rh2 33. Kb3 Rxf2 34. Ka4
Bxg3 35. Kxa5 Rf1 {Two extra pawns promise black an easy victory.} 36. Rc8 Rb1
37. Ka4 Ke5 38. Rf8 Kd4 39. Ka3 Kc3 {Black's king is extremely active in this
game!} 40. Rc8+ Kd2 41. Rf8 Be5 42. Rc8 b5 0-1